[Event "SVK-chT2A 1314"]
[Site "Slovakia"]
[Date "2014.02.23"]
[Round "9.5"]
[White "Meszaros, Lorant"]
[Black "Sebo, Viktor"]
[Result "1-0"]
[WhiteElo "2027"]
[BlackElo "2039"]
[PlyCount "57"]
[EventDate "2013.10.19"]
[EventType "team-tourn"]
[EventRounds "11"]
[EventCountry "SVK"]
[SourceTitle "EXT 2015"]
[Source "ChessBase"]
[SourceDate "2014.11.20"]
[SourceVersion "1"]
[SourceVersionDate "2014.11.20"]
[SourceQuality "1"]
[WhiteTeam "Potonska Veza"]
[BlackTeam "Bratislava KSN"]
[WhiteTeamCountry "SVK"]
[BlackTeamCountry "SVK"]

1. d4 Nf6 2. c4 g6 3. g3 Bg7 4. Bg2 d6 5. Nf3 0-0 6. 0-0 c5 7. d5 Bg4 8. Nc3 Qc8 9. Re1 Bh3 10. e4 Bxg2 11. Kxg2 Nbd7 12. h3 Nh5 13. g4 Nhf6 14. Bf4 Nb6 15. Qd3 h5 16. g5 Nfd7 17. e5 dxe5 18. Nxe5 Qd8 19. Rad1 Nxe5 20. Bxe5 e6 21. h4 exd5 22. cxd5 Re8 23. Bxg7 Kxg7 24. d6 Qd7 25. f3 Rad8 26. Ne4 Qf5 27. Qc3+ Qe5 28. Nf6 Qxc3 29. Nxe8+ 1-0

[Event "SVK-chT2A 1314"]
[Site "Slovakia"]
[Date "2014.01.12"]
[Round "6.5"]
[White "Sebo, Viktor"]
[Black "Sosovicka, Matej"]
[Result "1-0"]
[WhiteElo "2039"]
[BlackElo "2098"]
[PlyCount "93"]
[EventDate "2013.10.19"]
[EventType "team-tourn"]
[EventRounds "11"]
[EventCountry "SVK"]
[SourceTitle "EXT 2015"]
[Source "ChessBase"]
[SourceDate "2014.11.20"]
[SourceVersion "1"]
[SourceVersionDate "2014.11.20"]
[SourceQuality "1"]
[WhiteTeam "Bratislava KSN"]
[BlackTeam "Devinska Nova Ves II"]
[WhiteTeamCountry "SVK"]
[BlackTeamCountry "SVK"]

1. e4 e5 2. Nf3 Nc6 3. Nc3 Nf6 4. d4 Bb4 5. d5 Ne7 6. Bd3 d6 7. 0-0 0-0 8. h3 h6 9. Nh4 g5 10. Qf3 Kg7 11. Nf5+ Bxf5 12. exf5 Bxc3 13. bxc3 Nexd5 14. h4 g4 15. Qg3 Kh7 16. c4 Nb4 17. Qe3 Ng8 18. Qg3 Nxd3 19. cxd3 Qf6 20. f3 gxf3 21. Rxf3 e4 22. Rb1 exf3 23. Bb2 fxg2 24. Bxf6 Nxf6 25. Qf4 Rg8 26. Qd4 Nh5 27. Rb2 Ng3 28. Qd5 Raf8 29. Rxg2 Ne2+ 30. Kf1 Nf4 31. Rxg8 Nxd5 32. Rxf8 Kg7 33. Rc8 Ne3+ 34. Kf2 Nxf5 35. Rxc7 Nxh4 36. Rxb7 Kf6 37. Rxa7 Ke6 38. d4 f6 39. d5+ Ke5 40. Re7+ Kd4 41. Re6 Ng6 42. Rxf6 Ne5 43. Rxd6 Kxc4 44. a4 Kc5 45. Rd8 Nf7 46. Rf8 Ne5 47. a5 1-0

[Event "SVK-ch U18"]
[Site "Lubovna"]
[Date "2013.04.11"]
[Round "7"]
[White "Hros, Roman"]
[Black "Sebo, Viktor"]
[Result "0-1"]
[WhiteElo "1982"]
[BlackElo "2064"]
[PlyCount "38"]
[EventDate "2013.04.06"]
[EventType "swiss"]
[EventRounds "9"]
[EventCountry "SVK"]
[SourceTitle "CBM 153 Extra"]
[Source "ChessBase"]
[SourceDate "2013.04.22"]
[SourceVersion "1"]
[SourceVersionDate "2013.04.22"]
[SourceQuality "1"]

1. e4 d6 2. d4 Nf6 3. Nc3 g6 4. Be3 Bg7 5. Qd2 c6 6. Bh6 Bxh6 7. Qxh6 b5 8. e5 dxe5 9. dxe5 Nd5 10. 0-0-0 Be6 11. Nf3 Qa5 12. Qg7 Rf8 13. Nd4 Nxc3 14. bxc3 Nd7 15. Nxc6 Qxc3 16. Bxb5 a6 17. Nxe7 axb5 18. Ng8 Rxa2 19. Nf6+ Nxf6 0-1

[Event "SVK-ch U18"]
[Site "Lubovna"]
[Date "2013.04.10"]
[Round "6"]
[White "Sebo, Viktor"]
[Black "Liscinsky, Martin"]
[Result "1-0"]
[WhiteElo "2064"]
[BlackElo "1844"]
[PlyCount "87"]
[EventDate "2013.04.06"]
[EventType "swiss"]
[EventRounds "9"]
[EventCountry "SVK"]
[SourceTitle "CBM 153 Extra"]
[Source "ChessBase"]
[SourceDate "2013.04.22"]
[SourceVersion "1"]
[SourceVersionDate "2013.04.22"]
[SourceQuality "1"]

1. e4 e6 2. d4 d5 3. Nd2 a6 4. Bd3 c5 5. c3 Nc6 6. Ne2 cxd4 7. cxd4 dxe4 8. Nxe4 Nf6 9. 0-0 Be7 10. Bf4 0-0 11. Rc1 Nb4 12. Bb1 Nbd5 13. Be5 Bd7 14. N2g3 Bb5 15. Re1 Rc8 16. Rxc8 Qxc8 17. Nh5 Nxh5 18. Qxh5 f5 19. Ng5 Bxg5 20. Qxg5 Qd7 21. Rc1 Qf7 22. a3 h6 23. Qg3 Bc6 24. Ba2 f4 25. Qg4 Re8 26. Bb1 Nf6 27. Qxf4 Rf8 28. Rc3 Ne4 29. Rf3 Nd2 30. Qxd2 Bxf3 31. gxf3 Qxf3 32. Bd3 Rc8 33. Qe3 Qd1+ 34. Kg2 Rc1 35. Bg3 Qh1+ 36. Kh3 Re1 37. Qf4 Qc6 38. Qb8+ Kf7 39. Qf4+ Kg8 40. Bg6 Qc8 41. Qf7+ Kh8 42. Be5 Qg8 43. Qf4 b6 44. Qxh6+ 1-0

[Event "SVK-ch U18"]
[Site "Lubovna"]
[Date "2013.04.08"]
[Round "3"]
[White "Sebo, Viktor"]
[Black "Lecky, Juraj"]
[Result "1-0"]
[WhiteElo "2064"]
[BlackElo "1856"]
[PlyCount "57"]
[EventDate "2013.04.06"]
[EventType "swiss"]
[EventRounds "9"]
[EventCountry "SVK"]
[SourceTitle "CBM 153 Extra"]
[Source "ChessBase"]
[SourceDate "2013.04.22"]
[SourceVersion "1"]
[SourceVersionDate "2013.04.22"]
[SourceQuality "1"]

1. e4 g6 2. d4 d6 3. Nf3 Bg7 4. Nc3 e6 5. Be3 Ne7 6. Qd2 Nd7 7. 0-0-0 a6 8. Bh6 0-0 9. h4 Nf6 10. h5 Bxh6 11. Qxh6 Ng4 12. Qg5 Nxf2 13. hxg6 fxg6 14. Qh6 Nxh1 15. Ng5 Rf7 16. Nxf7 Qf8 17. Bc4 Qxf7 18. Rxh1 Bd7 19. Rf1 Qg7 20. Qh3 Rf8 21. Bxe6+ Bxe6 22. Qxe6+ Kh8 23. Rxf8+ Qxf8 24. b3 Kg7 25. Qd7 Qf7 26. Qxc7 Nc6 27. Qxd6 Qf1+ 28. Kb2 Qxg2 29. d5 1-0

[Event "SVK-ch U18"]
[Site "Lubovna"]
[Date "2013.04.06"]
[Round "1"]
[White "Sebo, Viktor"]
[Black "Panko, Radoslav"]
[Result "1/2-1/2"]
[WhiteElo "2064"]
[BlackElo "1648"]
[PlyCount "77"]
[EventDate "2013.04.06"]
[EventType "swiss"]
[EventRounds "9"]
[EventCountry "SVK"]
[SourceTitle "CBM 153 Extra"]
[Source "ChessBase"]
[SourceDate "2013.04.22"]
[SourceVersion "1"]
[SourceVersionDate "2013.04.22"]
[SourceQuality "1"]

1. e4 e6 2. d4 d5 3. Nd2 Nf6 4. e5 Nfd7 5. Bd3 c5 6. c3 Nc6 7. Ne2 cxd4 8. cxd4 f6 9. exf6 Nxf6 10. Nf3 Bd6 11. 0-0 0-0 12. Bf4 Bxf4 13. Nxf4 Ne4 14. g3 Qf6 15. h4 g5 16. hxg5 Nxg5 17. Nxg5 Qxg5 18. Nh3 Qg7 19. Qh5 Nxd4 20. Ng5 Nf5 21. Kg2 h6 22. Nf3 e5 23. Nh4 Nxh4+ 24. Qxh4 e4 25. Be2 Qg5 26. Rh1 Qxh4 27. Rxh4 Kg7 28. Rc1 Rf7 29. Bh5 Re7 30. Rc5 Be6 31. Bg4 Rd8 32. Bxe6 Rxe6 33. Rc7+ Kg6 34. Rxb7 d4 35. Rg4+ Kf6 36. Rf4+ Kg6 37. Rg4+ Kf6 38. Rf4+ Kg6 39. Rh4 1/2-1/2

[Event "SVK-chT2A 1213"]
[Site "Slovakia"]
[Date "2012.12.16"]
[Round "6.5"]
[White "Sebo, Viktor"]
[Black "Polacik, Igor"]
[Result "0-1"]
[WhiteElo "2073"]
[BlackElo "2172"]
[PlyCount "96"]
[EventDate "2012.10.13"]
[EventType "team-tourn"]
[EventRounds "11"]
[EventCountry "SVK"]
[SourceTitle "EXT 2015"]
[Source "ChessBase"]
[SourceDate "2014.11.20"]
[SourceVersion "1"]
[SourceVersionDate "2014.11.20"]
[SourceQuality "1"]
[WhiteTeam "Bratislava KSN"]
[BlackTeam "Bratislava Doprastav III"]
[WhiteTeamCountry "SVK"]
[BlackTeamCountry "SVK"]

1. e4 e5 2. Nf3 Nc6 3. Nc3 Nf6 4. d4 exd4 5. Nxd4 Bb4 6. Nxc6 bxc6 7. Bd3 d5 8. exd5 cxd5 9. 0-0 0-0 10. Bg5 c6 11. Qf3 Be7 12. h3 h6 13. Bh4 Rb8 14. b3 Rb4 15. Bg3 Bd6 16. Bxd6 Qxd6 17. Rfe1 Nh7 18. Ne2 f5 19. a3 Ng5 20. Qh5 Rb8 21. Nd4 Qf6 22. Nf3 Ne4 23. Nh4 Kh7 24. Nf3 Bd7 25. Nh2 Rbe8 26. Bxe4 fxe4 27. Qe2 Rf7 28. Rf1 Ref8 29. Ng4 Qg5 30. Qe3 Qh5 31. Qg3 Bxg4 32. hxg4 Qg5 33. Rae1 Rf4 34. f3 Qe5 35. Qf2 d4 36. g3 Rxg4 37. fxg4 Rxf2 38. Kxf2 e3+ 39. Kf3 Qd5+ 40. Ke2 Qe4 41. Rc1 c5 42. g5 h5 43. Rh1 Kg6 44. Rhd1 Kxg5 45. c3 Qg4+ 46. Kd3 Qf5+ 47. Ke2 Qf2+ 48. Kd3 e2 0-1

[Event "Piestany op"]
[Site "Piestany"]
[Date "2012.11.18"]
[Round "8"]
[White "Sebo, Viktor"]
[Black "Secheres, Adrian Simion"]
[Result "0-1"]
[WhiteElo "2046"]
[BlackElo "2141"]
[PlyCount "60"]
[EventDate "2012.11.12"]
[EventType "swiss"]
[EventRounds "8"]
[EventCountry "SVK"]
[SourceTitle "EXT 2023"]
[Source "ChessBase"]
[SourceDate "2022.10.05"]
[SourceVersion "1"]
[SourceVersionDate "2022.10.05"]
[SourceQuality "1"]

1. e4 c5 2. Nf3 d6 3. d4 cxd4 4. Nxd4 Nf6 5. Nc3 g6 6. Be3 Bg7 7. f3 Nc6 8. Qd2 0-0 9. Bc4 Bd7 10. 0-0-0 Rc8 11. Bb3 Ne5 12. h4 h5 13. Bh6 Nc4 14. Bxc4 Rxc4 15. Bxg7 Kxg7 16. Nd5 Nxd5 17. exd5 Ra4 18. Kb1 Qa5 19. Qxa5 Rxa5 20. Nb3 Rb5 21. Rhe1 Kf6 22. Rd4 Re8 23. Nd2 Kg7 24. Ne4 Rc8 25. Ng5 Bf5 26. Rxe7 Rxc2 27. Rxf7+ Kg8 28. Ra4 Rbxb2+ 29. Ka1 Rb5 30. a3 Rc1+ 0-1

[Event "Piestany op"]
[Site "Piestany"]
[Date "2012.11.13"]
[Round "2"]
[White "Sebo, Viktor"]
[Black "Benkovsky, Peter"]
[Result "1-0"]
[WhiteElo "2046"]
[BlackElo "1678"]
[PlyCount "29"]
[EventDate "2012.11.12"]
[EventType "swiss"]
[EventRounds "8"]
[EventCountry "SVK"]
[SourceTitle "EXT 2023"]
[Source "ChessBase"]
[SourceDate "2022.10.05"]
[SourceVersion "1"]
[SourceVersionDate "2022.10.05"]
[SourceQuality "1"]

1. e4 e6 2. d4 d5 3. Nd2 c5 4. exd5 exd5 5. Ngf3 Nc6 6. Bb5 Qe7+ 7. Be2 Qc7 8. dxc5 Qa5 9. 0-0 Bxc5 10. Nb3 Qb6 11. Qxd5 Be6 12. Qxc5 Bxb3 13. Qxb6 axb6 14. cxb3 Nf6 15. Ng5 1-0

[Event "Piestany op"]
[Site "Piestany"]
[Date "2012.11.12"]
[Round "1"]
[White "Feranec, Milan"]
[Black "Sebo, Viktor"]
[Result "0-1"]
[WhiteElo "1746"]
[BlackElo "2046"]
[PlyCount "74"]
[EventDate "2012.11.12"]
[EventType "swiss"]
[EventRounds "8"]
[EventCountry "SVK"]
[SourceTitle "EXT 2023"]
[Source "ChessBase"]
[SourceDate "2022.10.05"]
[SourceVersion "1"]
[SourceVersionDate "2022.10.05"]
[SourceQuality "1"]

1. Nf3 Nf6 2. g3 Nc6 3. c4 e5 4. Bg2 d5 5. b3 e4 6. Ng1 Ng4 7. Bb2 Bc5 8. Nh3 dxc4 9. bxc4 Nce5 10. 0-0 0-0 11. Qc2 f5 12. a3 Be6 13. d3 exd3 14. exd3 Qxd3 15. Qxd3 Nxd3 16. Bc3 f4 17. Nd2 fxg3 18. hxg3 Ndxf2 19. Nxf2 Bxf2+ 20. Kh1 Ne3 21. Ne4 Nxf1 22. Rxf1 Be3 23. Re1 Bh6 24. Nc5 Bxc4 25. Nxb7 Rae8 26. Rd1 Rf5 27. Na5 Rh5+ 28. Bh3 Rxh3+ 29. Kg2 Rh5 30. Nxc4 Rc5 31. Rd4 Be3 32. Rg4 g5 33. Bb4 Rf5 34. Nxe3 Rxe3 35. Rc4 a5 36. Bc3 Re2+ 37. Kh3 h5 0-1

[Event "Tatry op"]
[Site "Tatranske Zruby"]
[Date "2012.09.29"]
[Round "8"]
[White "Nahalka, Jan"]
[Black "Sebo, Viktor"]
[Result "1-0"]
[WhiteElo "1921"]
[BlackElo "2073"]
[PlyCount "71"]
[EventDate "2012.09.23"]
[EventType "swiss"]
[EventRounds "9"]
[EventCountry "SVK"]
[SourceTitle "CBM 150 Extra"]
[Source "ChessBase"]
[SourceDate "2012.10.19"]
[SourceVersion "1"]
[SourceVersionDate "2012.10.19"]
[SourceQuality "1"]

1. d4 Nf6 2. c4 g6 3. Nc3 d5 4. f3 Bg7 5. e4 dxe4 6. fxe4 e5 7. d5 0-0 8. Be2 Na6 9. Nf3 Nc5 10. Qc2 c6 11. 0-0 cxd5 12. cxd5 Qe7 13. Bd2 Bd7 14. Rac1 a5 15. b3 b5 16. Bg5 Rab8 17. Nd2 h6 18. Bh4 g5 19. Bf2 Rfc8 20. Qb1 b4 21. Nd1 Ng4 22. Bxg4 Bxg4 23. Ne3 Bd7 24. Ndc4 a4 25. Kh1 axb3 26. axb3 Bf8 27. Bg1 f6 28. Nf5 Bxf5 29. Rxf5 Qf7 30. Nxe5 Qh5 31. Nc6 Rb5 32. Rxf6 Qh4 33. e5 Ne4 34. Rf3 Re8 35. Re1 Nd2 36. Qg6+ 1-0

[Event "Tatry op"]
[Site "Tatranske Zruby"]
[Date "2012.09.24"]
[Round "2"]
[White "Volodin, Viktor Nikolaevich"]
[Black "Sebo, Viktor"]
[Result "1-0"]
[WhiteElo "2209"]
[BlackElo "2073"]
[PlyCount "145"]
[EventDate "2012.09.23"]
[EventType "swiss"]
[EventRounds "9"]
[EventCountry "SVK"]
[SourceTitle "CBM 150 Extra"]
[Source "ChessBase"]
[SourceDate "2012.10.19"]
[SourceVersion "1"]
[SourceVersionDate "2012.10.19"]
[SourceQuality "1"]

1. Nf3 Nf6 2. c4 c5 3. g3 Nc6 4. Bg2 e5 5. Nc3 d6 6. 0-0 Be6 7. d3 Qd7 8. Ng5 Bf5 9. Nd5 Be7 10. Nxf6+ Bxf6 11. Ne4 Be7 12. Nc3 Bh3 13. Bxh3 Qxh3 14. e3 h5 15. Nd5 h4 16. g4 0-0-0 17. f4 f5 18. g5 Qg4+ 19. Qxg4 fxg4 20. Bd2 Rde8 21. Bc3 Bd8 22. Kg2 Rhf8 23. Rae1 Kd7 24. Kh1 Nb4 25. Bxb4 cxb4 26. b3 Re6 27. fxe5 Rxf1+ 28. Rxf1 Rxe5 29. Rf7+ Ke8 30. g6 Bg5 31. e4 Bh6 32. Rxb7 Rg5 33. Rxb4 g3 34. hxg3 Rxg3 35. Rb8+ Kd7 36. Rb7+ Kc8 37. Rxa7 Rh3+ 38. Kg2 Rg3+ 39. Kh2 Rxd3 40. Rf7 Rd2+ 41. Kh3 Rxa2 42. Kxh4 Re2 43. Re7 Rg2 44. Ra7 Rxg6 45. Ne7+ Kb8 46. Nc6+ Kc8 47. Ne7+ Kb8 48. Nxg6 Kxa7 49. e5 dxe5 50. Nxe5 Kb6 51. Nd3 Bd2 52. Kh5 g5 53. Kg4 Kc6 54. Kf5 Kd6 55. Nf2 Kc6 56. Ne4 Be3 57. b4 Bf4 58. Kg4 Kb6 59. Kf5 Bc1 60. Nf6 Bd2 61. Nd5+ Kc6 62. b5+ Kc5 63. b6 Kc6 64. Ke4 Ba5 65. c5 Bd2 66. Kd3 Bc1 67. Kc4 Ba3 68. Ne7+ Kd7 69. Kb5 g4 70. Nf5 Bb2 71. c6+ Kd8 72. c7+ Kd7 73. Nd6 1-0

[Event "SVK-ch op-A"]
[Site "Banska Stiavnica"]
[Date "2012.07.11"]
[Round "5"]
[White "Talla, Vladimir"]
[Black "Sebo, Viktor"]
[Result "1-0"]
[WhiteElo "2388"]
[BlackElo "2025"]
[PlyCount "59"]
[EventDate "2012.07.07"]
[EventType "swiss"]
[EventRounds "9"]
[EventCountry "SVK"]
[SourceTitle "CBM 149 Extra"]
[Source "ChessBase"]
[SourceDate "2012.08.24"]
[SourceVersion "1"]
[SourceVersionDate "2012.08.24"]
[SourceQuality "1"]

1. e4 d6 2. d4 Nf6 3. Nc3 g6 4. f4 Bg7 5. Nf3 0-0 6. Be3 b6 7. Qd2 c5 8. 0-0-0 Nbd7 9. h3 Bb7 10. e5 Ne4 11. Nxe4 Bxe4 12. Ng5 cxd4 13. Bxd4 dxe5 14. fxe5 Bd5 15. e6 fxe6 16. Bxg7 Kxg7 17. Qc3+ Nf6 18. Nxe6+ Bxe6 19. Rxd8 Rfxd8 20. Ba6 Kg8 21. Re1 Bf7 22. Bc4 Nd5 23. Bxd5 Rxd5 24. Rxe7 Rad8 25. b3 Ra5 26. Kb2 Rc5 27. Qe3 Rdc8 28. c4 a6 29. g4 b5 30. Qf2 1-0

[Event "SVK-ch op-A"]
[Site "Banska Stiavnica"]
[Date "2012.07.07"]
[Round "1"]
[White "Kantorik, Marian"]
[Black "Sebo, Viktor"]
[Result "1/2-1/2"]
[WhiteElo "2305"]
[BlackElo "2025"]
[PlyCount "108"]
[EventDate "2012.07.07"]
[EventType "swiss"]
[EventRounds "9"]
[EventCountry "SVK"]
[SourceTitle "CBM 149 Extra"]
[Source "ChessBase"]
[SourceDate "2012.08.24"]
[SourceVersion "1"]
[SourceVersionDate "2012.08.24"]
[SourceQuality "1"]

1. d4 Nf6 2. c4 g6 3. Nc3 d5 4. cxd5 Nxd5 5. Na4 Bg7 6. e4 Nb6 7. Be3 Nc6 8. Nf3 Nxa4 9. Qxa4 Bd7 10. Qc2 0-0 11. Be2 Bg4 12. d5 Bxf3 13. dxc6 Bxe2 14. cxb7 Rb8 15. Qxe2 Rxb7 16. Rd1 Rxb2 17. Rxd8 Rxe2+ 18. Kxe2 Rxd8 19. Rc1 Be5 20. f4 Bd6 21. e5 Bb4 22. Rxc7 a5 23. Rc2 Rd5 24. Bd2 Bxd2 25. Rxd2 Rb5 26. Kd3 f6 27. exf6 exf6 28. g3 Kf7 29. Re2 Rb4 30. Kc3 Rb5 31. Rb2 Rh5 32. Kd4 Ke6 33. Ke4 Rc5 34. Rb6+ Kf7 35. Rb7+ Kg8 36. Kd3 Rh5 37. h4 Rd5+ 38. Kc4 Rd2 39. a4 Rc2+ 40. Kd5 Ra2 41. Ke6 Rxa4 42. Kxf6 Rb4 43. Rg7+ Kf8 44. Rxh7 Rb6+ 45. Kg5 Ra6 46. h5 gxh5 47. Rxh5 a4 48. Rh2 a3 49. Ra2 Kf7 50. Kf5 Ra4 51. Ke5 Kg6 52. g4 Kg7 53. Kf5 Kh6 54. g5+ Kg7 1/2-1/2

[Event "SVK-ch U18"]
[Site "Lubovnianske Kupele"]
[Date "2012.03.20"]
[Round "5"]
[White "Sebo, Viktor"]
[Black "Pagerka, Martin"]
[Result "0-1"]
[WhiteElo "1969"]
[BlackElo "2215"]
[PlyCount "48"]
[EventDate "2012.03.17"]
[EventType "swiss"]
[EventRounds "9"]
[EventCountry "SVK"]
[SourceTitle "CBM 147 Extra"]
[Source "ChessBase"]
[SourceDate "2012.04.24"]
[SourceVersion "1"]
[SourceVersionDate "2012.04.24"]
[SourceQuality "1"]

1. c4 Nf6 2. Nc3 g6 3. Nf3 Bg7 4. g3 0-0 5. Bg2 d6 6. d4 Nbd7 7. 0-0 c6 8. e3 e5 9. b3 Re8 10. Bb2 e4 11. Nd2 d5 12. Rc1 Nf8 13. cxd5 cxd5 14. Nb5 Bg4 15. Qe1 Ne6 16. h3 a6 17. Nc3 Bf5 18. g4 Bxg4 19. hxg4 Nxg4 20. Bh3 Qh4 21. Bxg4 Qxg4+ 22. Kh2 Nxd4 23. f4 exf3 24. Qg3 Be5 0-1

[Event "SVK-ch U18"]
[Site "Lubovnianske Kupele"]
[Date "2012.03.17"]
[Round "1"]
[White "Sebo, Viktor"]
[Black "Straka, Jozef1111"]
[Result "0-1"]
[WhiteElo "1969"]
[BlackElo "2317"]
[PlyCount "82"]
[EventDate "2012.03.17"]
[EventType "swiss"]
[EventRounds "9"]
[EventCountry "SVK"]
[SourceTitle "CBM 147 Extra"]
[Source "ChessBase"]
[SourceDate "2012.04.24"]
[SourceVersion "1"]
[SourceVersionDate "2012.04.24"]
[SourceQuality "1"]

1. e4 d6 2. d4 g6 3. Nc3 Bg7 4. Be3 c6 5. f3 Qb6 6. a3 Nd7 7. Bc4 Ngf6 8. Nge2 0-0 9. Bb3 Qc7 10. Qd2 a6 11. Bh6 c5 12. Bxg7 Kxg7 13. Nd5 Nxd5 14. Bxd5 Nf6 15. Ba2 cxd4 16. Nxd4 Bd7 17. c3 Qc5 18. Qf2 Rac8 19. 0-0 e5 20. Nc2 Be6 21. Nb4 Bxa2 22. Qxc5 Rxc5 23. Rxa2 Re8 24. Rd1 a5 25. Nd3 Rc6 26. Ne1 Nh5 27. Raa1 f5 28. exf5 gxf5 29. Rd5 b6 30. Rad1 Re6 31. Nc2 Nf6 32. R5d2 f4 33. Re2 Re8 34. g3 fxg3 35. hxg3 Kf7 36. Ne3 Ke6 37. g4 Rg8 38. Nf5 Nxg4 39. Nd4+ Kd7 40. Rg2 exd4 41. fxg4 dxc3 0-1

[Event "SVK-chT2A 1112"]
[Site "Slovakia"]
[Date "2011.11.05"]
[Round "3.5"]
[White "Lopatievov, Alexander"]
[Black "Sebo, Viktor"]
[Result "0-1"]
[WhiteElo "1925"]
[BlackElo "1924"]
[PlyCount "64"]
[EventDate "2011.10.08"]
[EventType "team-tourn"]
[EventRounds "11"]
[EventCountry "SVK"]
[SourceTitle "EXT 2013"]
[Source "ChessBase"]
[SourceDate "2012.11.22"]
[SourceVersion "1"]
[SourceVersionDate "2012.11.22"]
[SourceQuality "1"]
[WhiteTeam "Trnava Modranka"]
[BlackTeam "Bratislava KSN"]
[WhiteTeamCountry "SVK"]
[BlackTeamCountry "SVK"]

1. c4 e5 2. Nc3 Nf6 3. g3 d5 4. cxd5 Nxd5 5. Bg2 Be6 6. Nf3 Nc6 7. 0-0 f6 8. a3 Qd7 9. d3 0-0-0 10. Bd2 Nxc3 11. Bxc3 Bh3 12. b4 h5 13. Re1 Bxg2 14. Kxg2 h4 15. Qb3 hxg3 16. fxg3 Qh3+ 17. Kf2 g5 18. Rh1 Bh6 19. Qc4 g4 20. Nh4 Nd4 21. Bxd4 Rxd4 22. Qe6+ Kb8 23. Nf5 Rdd8 24. Nxh6 Qxh6 25. Qxg4 f5 26. Qc4 f4 27. Rac1 fxg3+ 28. hxg3 Rdf8+ 29. Kg2 Qe3 30. Qxc7+ Ka8 31. Rxh8 Qxe2+ 32. Kg1 Qf2+ 0-1

[Event "SVK-chT2A 1112"]
[Site "Slovakia"]
[Date "2011.10.08"]
[Round "1.6"]
[White "Kundrak, Vladimir"]
[Black "Sebo, Viktor"]
[Result "1/2-1/2"]
[WhiteElo "1957"]
[BlackElo "1924"]
[PlyCount "81"]
[EventDate "2011.10.08"]
[EventType "team-tourn"]
[EventRounds "11"]
[EventCountry "SVK"]
[SourceTitle "EXT 2013"]
[Source "ChessBase"]
[SourceDate "2012.11.22"]
[SourceVersion "1"]
[SourceVersionDate "2012.11.22"]
[SourceQuality "1"]
[WhiteTeam "Modra II"]
[BlackTeam "Bratislava KSN"]
[WhiteTeamCountry "SVK"]
[BlackTeamCountry "SVK"]

1. b3 e5 2. Bb2 Nc6 3. e3 d5 4. Bb5 Bd6 5. Nf3 Bg4 6. h3 Bxf3 7. Qxf3 Nf6 8. Nc3 a6 9. Bxc6+ bxc6 10. Ne2 Qd7 11. Ng3 e4 12. Qe2 Qe6 13. Nh5 Nxh5 14. Qxh5 g6 15. Qg5 0-0 16. 0-0-0 f6 17. Qh4 Be5 18. f4 Bxb2+ 19. Kxb2 c5 20. Qf2 Qe7 21. h4 h6 22. g4 a5 23. f5 g5 24. hxg5 hxg5 25. Qh2 Qg7 26. Qh6 Kf7 27. Qh5+ Ke7 28. Qh7 Kf7 29. Rh2 Rh8 30. Qxg7+ Kxg7 31. Rdh1 Rxh2 32. Rxh2 Rb8 33. Ka3 Ra8 34. Ka4 Rb8 35. a3 c4 36. bxc4 dxc4 37. Kxa5 Rb2 38. c3 Rb6 39. Rh1 Kg8 40. Rh2 Kg7 41. Rh1 1/2-1/2

[Event "Tatry op"]
[Site "Tatranske Zruby"]
[Date "2011.09.26"]
[Round "2"]
[White "Matejov, Jaroslav"]
[Black "Sebo, Viktor"]
[Result "0-1"]
[WhiteElo "2175"]
[BlackElo "1924"]
[PlyCount "58"]
[EventDate "2011.09.25"]
[EventType "swiss"]
[EventRounds "9"]
[EventCountry "SVK"]
[SourceTitle "CBM 144 Extra"]
[Source "ChessBase"]
[SourceDate "2011.10.28"]
[SourceVersion "1"]
[SourceVersionDate "2011.10.28"]
[SourceQuality "1"]

1. e4 d6 2. d4 Nf6 3. Nc3 g6 4. Be2 Bg7 5. Be3 0-0 6. h4 Nbd7 7. h5 c5 8. hxg6 fxg6 9. Bc4+ Kh8 10. f3 a6 11. Qd2 b5 12. Bd5 b4 13. Nce2 Nxd5 14. exd5 Nb6 15. Bh6 Rf7 16. Bxg7+ Rxg7 17. 0-0-0 Bf5 18. dxc5 dxc5 19. g4 Bd7 20. Nh3 Bb5 21. Nef4 Nc4 22. Qf2 Qa5 23. Kb1 Nxb2 24. Kxb2 Qa3+ 25. Ka1 Qc3+ 26. Kb1 Bc4 27. Ne2 Bxa2+ 28. Kxa2 Qxc2+ 29. Ka1 b3 0-1

[Event "Senica op 3rd"]
[Site "Senica"]
[Date "2011.08.23"]
[Round "3"]
[White "Sebo, Viktor"]
[Black "Spacek, Marcel"]
[Result "1-0"]
[WhiteElo "1966"]
[BlackElo "1747"]
[PlyCount "93"]
[EventDate "2011.08.21"]
[EventType "swiss"]
[EventRounds "9"]
[EventCountry "SVK"]
[SourceTitle "CBM 144 Extra"]
[Source "ChessBase"]
[SourceDate "2011.10.28"]
[SourceVersion "1"]
[SourceVersionDate "2011.10.28"]
[SourceQuality "1"]

1. e4 c5 2. Nf3 Nc6 3. d4 cxd4 4. Nxd4 Nf6 5. Nc3 e5 6. Ndb5 d6 7. Bg5 a6 8. Na3 b5 9. Bxf6 gxf6 10. Nd5 Bg7 11. c3 0-0 12. Nc2 f5 13. exf5 Bxf5 14. Nce3 Be6 15. g4 Ne7 16. Bg2 Rb8 17. h4 Ng6 18. g5 f5 19. h5 Nf4 20. h6 Nxg2+ 21. Nxg2 Bh8 22. f4 Re8 23. Qd2 Qd7 24. 0-0-0 Kf7 25. Nh4 Qc6 26. Nb4 Qc4 27. Rhf1 e4 28. Qxd6 Rbc8 29. Kb1 a5 30. g6+ hxg6 31. Nd5 Rc5 32. b3 Qxf1 33. Rxf1 Rxd5 34. Qc7+ Rd7 35. Qxa5 Rb8 36. Rg1 Bf6 37. Nxg6 Rg8 38. Ne5+ Bxe5 39. Rxg8 Kxg8 40. fxe5 e3 41. Qb6 Rd1+ 42. Kc2 e2 43. Qxe6+ Kf8 44. Qxf5+ Ke7 45. Qg5+ Kf8 46. h7 Rh1 47. Qf6+ 1-0

[Event "SVK-ch U16"]
[Site "Sliac"]
[Date "2011.04.07"]
[Round "9"]
[White "Sebo, Viktor"]
[Black "Jozefek, Michal"]
[Result "1/2-1/2"]
[WhiteElo "1945"]
[BlackElo "1875"]
[PlyCount "60"]
[EventDate "2011.03.31"]
[EventType "swiss"]
[EventRounds "9"]
[EventCountry "SVK"]
[SourceTitle "CBM 141 Extra"]
[Source "ChessBase"]
[SourceDate "2011.05.03"]
[SourceVersion "1"]
[SourceVersionDate "2011.05.03"]
[SourceQuality "1"]

1. e4 c5 2. Nf3 a6 3. c4 e6 4. Nc3 Qc7 5. d4 cxd4 6. Nxd4 Nf6 7. Be3 Bb4 8. f3 0-0 9. Be2 d5 10. exd5 exd5 11. Qb3 Bc5 12. Nxd5 Nxd5 13. cxd5 Qe5 14. f4 Qe7 15. Kf2 Re8 16. Rhe1 Qf6 17. Rad1 g5 18. g3 Nd7 19. Bg4 gxf4 20. gxf4 Qh4+ 21. Kf3 Ne5+ 22. fxe5 Bxg4+ 23. Kg2 Bxd1 24. Qxd1 Rxe5 25. Nf3 Qg4+ 26. Kh1 Bxe3 27. Nxe5 Qxd1 28. Rxd1 Rd8 29. Nc4 Bc5 30. Na5 Rd7 1/2-1/2